|
|
|
|
| LEADER |
00000nam a2200000 4500 |
| 001 |
vtls011751091 |
| 003 |
SK-MaSNL |
| 005 |
20260301095636.0 |
| 008 |
200104s2017 xo dal g n 000 0 slo |
| 015 |
|
|
|a SNBA2018/05
|
| 020 |
|
|
|a 9788089075607
|q (brožované)
|
| 035 |
|
|
|a urn:nbn:sk:snk-am00d2po
|
| 035 |
|
|
|a urn:nbn:sk:snk-am3hjns
|
| 035 |
|
|
|a B3C31914-F84C-4F9E-AC7B-C6AACEC5E102
|
| 040 |
|
|
|a SNK
|b slo
|c SNK
|e rda
|
| 041 |
0 |
|
|a slo
|
| 044 |
|
|
|a xo
|c SK
|
| 072 |
|
7 |
|a 577
|x Biochémia. Molekulárna biológia. Biofyzika
|2 konspekt
|
| 072 |
|
7 |
|a 796
|x Šport. Hry. Telesné cvičenia
|2 konspekt
|
| 080 |
|
|
|a 577.17:547.92
|2 2011
|
| 080 |
|
|
|a (048.8)
|2 2011
|
| 080 |
|
|
|a 796.015.6
|2 2011
|
| 080 |
|
|
|a 796.015
|2 2011
|
| 080 |
|
|
|a 615.357.035.3
|2 2011
|
| 100 |
1 |
|
|a Sedliak, Milan,
|d 1977-
|4 aut
|9 23936
|
| 245 |
1 |
0 |
|a Steroidné hormóny pri telesnom zaťažení
|c Milan Sedliak
|
| 250 |
|
|
|a Prvé vydanie
|
| 264 |
|
1 |
|a Bratislava
|b Slovenská vedecká spoločnosť pre telesnú výchovu a šport
|c 2017
|
| 300 |
|
|
|a 92 strán
|b farebné fotografie, grafy, schémy
|c 21 cm
|
| 336 |
|
|
|a text
|b txt
|2 rdacontent
|
| 337 |
|
|
|a bez média
|b n
|2 rdamedia
|
| 338 |
|
|
|a zväzok
|b nc
|2 rdacarrier
|
| 366 |
|
|
|e 100 kusov
|
| 504 |
|
|
|a Bibliografia na strane 76-92 ; zoznam použitých skratiek
|
| 650 |
0 |
7 |
|a steroidné hormóny
|2 SNKPH
|9 85971
|
| 650 |
0 |
7 |
|a telesná záťaž
|2 SNKPH
|9 69588
|
| 650 |
0 |
7 |
|a Physiological stress
|2 SNKPHeng
|9 342454
|
| 650 |
0 |
7 |
|a športový tréning
|2 SNKPH
|9 163263
|
| 650 |
0 |
7 |
|a Sports training
|2 SNKPHeng
|9 279248
|
| 650 |
0 |
7 |
|a Steroid hormons
|2 SNKPHeng
|9 407973
|
| 650 |
0 |
7 |
|a anaboliká
|2 SNKPH
|9 2417
|
| 650 |
0 |
7 |
|a Anabolics
|2 SNKPHeng
|9 431322
|
| 655 |
|
7 |
|a monografie
|2 SNKPH
|9 70139
|
| 655 |
|
7 |
|a Monographs
|2 SNKPHeng
|9 120675
|
| 919 |
|
|
|a 978-80-89075-60-7
|
| 958 |
|
|
|a NB
|
| 999 |
|
|
|c 683719
|d 685649
|
| 952 |
|
|
|a SNK
|b SNK
|y PREZ
|7 0
|p 17A1329600
|o snkSC 179160
|i snk2018/8596
|8 0
|0 0
|1 0
|4 0
|d 2018-04-16
|f 1
|l 0
|r 2026-02-23 20:04:43
|w 2026-02-23
|
| 952 |
|
|
|a SNK
|b SNK
|y VYP
|7 0
|p 17A1329601
|o snkSC 179160 D1
|i snk2018/8598
|8 0
|0 0
|1 0
|4 0
|d 2018-04-16
|l 0
|r 2026-02-23 20:04:43
|w 2026-02-23
|